| 000 | 00000nam##2200000za#4500 |
| 001 | 9.574498 |
| 003 | CaOODSP |
| 005 | 20210624184219 |
| 007 | cr ||||||||||| |
| 008 | 150406|2005||||xxc|||||o f|0| 0 eng|d |
| 040 | |aCaOODSP|beng |
| 043 | |an-cn--- |
| 086 | 1 |aTU3-5/05-54E-PDF |
| 110 | 2 |aTransportation Safety Board of Canada. |
| 245 | 10|aRunway excursion - Air Canada Airbus A319-112 C-GJTC, Winnipeg International Airport, Manitoba, 26 December 2005 |h[electronic resource] |
| 260 | |aGatineau - Quebec : |bTransportation Safety Board of Canada |c2006. |
| 300 | |a11p.|bfigs. |
| 490 | 1 |aAviation investigation report |vA05C0222 |
| 500 | |a"The Board authorized the release of this report on 22 November 2006" --p.11. |
| 590 | |a12-33-Supp|b2012-07-18 |
| 775 | 08|tSortie de piste de l'Airbus A319-112 C-GJTC, exploité par Air Canada à l'aéroport international de Winnipeg (Manitoba), le 26 décembre 2005 |w(CaOODSP)9.604242 |
| 830 | #0|aAviation investigation report ;|vA05C0222|w(CaOODSP)9.504825 |
| 856 | 40|ahttp://publications.gc.ca|qPDF|s297 KB|uhttps://publications.gc.ca/collections/collection_2012/bst-tsb/TU3-5-05-54-eng.pdf|yA05C0222 |